00880cam a22002657a 4500020002500000020001500025020002500040040000800065082002600073245005700099260007600156300001900232490005100251500004100302500005700343650001700400650002900417650001900446650002200465650002900487650001300516710006100529942000700590999001700597 a9789251060605 (v. 1) a9251060606 a9789251060667 (v. 2) cUAB04a338 FOO 2008 A013 Or.00aMethods to monitor the human right to adequate food. aRome :bFood and Agriculture Organization of the United Nations,c2008. a2 v. ;c26 cm.0 aMethodological toolbox on the right to food ; aAt head of title: The right to food. a"TC/M/10349E/1/9.08/2000 ; TC/M/10351E/1/9.09/2000." 0aFood supply. 0aHuman rights monitoring. 0aRight to food. 0aNutrition policy. 0aFood industry and trade. 6aAliments2 aFood and Agriculture Organization of the United Nations. cEK c13053d13053